Language, ideology and power : (Record no. 178500)

MARC details
000 -LEADER
fixed length control field 00775nam a22002057a 4500
005 - DATE AND TIME OF LATEST TRANSACTION
control field 20210401162917.0
010 ## - LCCN (DPL NO)
LC control number B-738689
020 ## - INTERNATIONAL STANDARD BOOK NUMBER
International Standard Book Number 9788125034636
Terms of availability 895.00
035 ## - SYSTEM CONTROL NUMBER
System control number B-738689
037 ## - SOURCE OF ACQUISITION
Source of stock number/acquisition Gift/ Pub.
082 ## - DEWEY DECIMAL CLASSIFICATION NUMBER
Classification number 306.44095491
100 ## - MAIN ENTRY--PERSONAL NAME
Personal name Tariq Rahman
245 ## - TITLE STATEMENT
Title Language, ideology and power :
Remainder of title language-learning among the Muslims of Pakistan and North India /
Statement of responsibility, etc by Tariq Rahman
260 ## - PUBLICATION, DISTRIBUTION, ETC. (IMPRINT)
Place of publication, distribution, etc New Delhi
Name of publisher, distributor, etc Orient Longman
Date of publication, distribution, etc 2008
270 ## - ADDRESS
Address 1/24 Asaf Ali Road,
City New Delhi
Postal code 110002
300 ## - PHYSICAL DESCRIPTION
Extent xix, 662p.
Dimensions 21cm(pbk)
500 ## - GENERAL NOTE
General note includes bibliographical references and index
942 ## - ADDED ENTRY ELEMENTS (KOHA)
Source of classification or shelving scheme Dewey Decimal Classification
Item type English Books
Call number suffix TAR
Classification part 306.44095491
Holdings
Withdrawn status Lost status Not for loan Collection code Home library Current library Date acquired Source of acquisition Cost, normal purchase price Full call number Barcode Copy number Cost, replacement price Koha item type
      Non-fiction Central Library Central Library 01/04/2021 Gift/Eng/26-02-2021 895.00 306.44095491 TAR B-738689 1 895.00 English Books

© Delhi Public Library
Hit Counter
free hit counter